Music Quiz

Random Music or Song Quiz

System of a Down Songs By a Given Lyric Quiz Stats

 Plays Quiz not verified by Sporcle

Score 0/65 Timer 15:00
0 Plays Today
Lyric Song % Correct
My self-righteous suicide.Chop Suey
85.8%
Life is a waterfall, we're one in the river, and one again after the fall.Aerials
82.6%
My c*ck is much bigger than yours.Cigaro
82.2%
The kombucha mushroom people...Sugar
77.1%
Somewhere, between the sacred silence and sleep.Toxicity
77.1%
Marching forward hypocritic and hypnotic computers.BYOB
75.8%
All you maggots smoking fags on Santa Monica Boulevard.Lost In Hollywood
75.1%
And if you go, I wanna go with you. And if you die, I wanna die with you.Lonely Day
74.8%
I'm just sitting in my car.Hypnotize
73.2%
I went out on a date with a girl, a bit late, she had so many friends.(LALALALALA)Bounce
72.6%
I buy my crack, my smack, my bitch, right here in Hollywood.Prison Song
72.2%
Pull the tapeworm out of your ass, hey!Needles
69.7%
Young men standing on the top of their own graves.Soldier Side
68.9%
Its a non stop disco, I bet you its Nabisco.Violent Pornography
68.9%
Do we, do we know when we fly? When we, when we go, do we die?Question!
67.2%
All the world I've seen before me passing by.ATWA
65.7%
Makes you really want to go, STOP!Psycho
65.4%
Dreams are made winding through her hair.Spiders
65.2%
Tony Danza cuts in line...Old School Hollywood
65.1%
They take me away from, the strangest places...Radio/Video
63.5%
Liar, Killer, Demon, back to the river Aras.Holy Mountains
63.1%
Don't be late for school again girl.Shimmy
61.4%
...flying over our great bay...Jet Pilot
61.3%
Beyond the staples center you can see America.Deer Dance
60.5%
Every minute, every second, bu,y bu,y buy, buy.Chic 'n' Stu
60.1%
4000 hungry children.Boom
59.9%
Mow down the sexy people!Kill Rock N' Roll
58.4%
On the side of the freeway in the car.Mr. Jack
58%
A former cop, undercover, just got shot, now recovered.IEAIAIO
57.4%
I need someone to save my ass.She's Like Heroin
57.4%
Beat the meat, treat the feet.Vicinity Of Obscenity
57.2%
______ all the homes and villages, _______ all the schools and hospitalsAttack
56.7%
No televisions in the air, no circumcisions on the chair.Forest
55.1%
Lyric Song % Correct
We will fight the heathens, we will fight the heathens.War?
54.9%
Should've been, could've been, would've been, would've been you.Revenga
54.8%
Don't eat the fish.This Cocaine Makes Me Feel Like I'm On This Song
53.1%
We don't need to multiply.X
52.1%
You, you went beyond, and you lost it all, why did you go there?Dreaming
50.4%
Try her philosophy.Suite-Pee
49.8%
Where do you expect us to go when the bombs fall?Tentative
49.3%
Watching, from a post up high.Suggestions
48.8%
Left a message but it ain't a bit of use.Roulette
46.9%
Looking for a mother that will get me high, just a stupid motherf*cker if I die, I die.Stealing Society
45.9%
An exit lights the sky, the sky becomes complete.Highway Song
45.5%
Don't ever get stuck in the sky, when you're high.Peephole
45.5%
Who wants to come with me and come join the cause?U-Fig
45.1%
I wasn't there for you! I wasn't there for you!Streamline
44.9%
Spirit moves throughout all things.Science
44.7%
Justified candy, brandy for the nerves.Sad Statue
44.3%
Don't you realize evil lives in the motherf*cking skin.Soil
44%
Believing you then kneeling, appeasing the power struggle.Bubbles
43.5%
Shake your spear at Shakespeare.Ddevil
42.4%
I’m, but a little bit bit bit, show.**** The System
42.4%
Life, so, unnecessary.36
41.5%
I am just a man, fighting other men, for land, for land, while I turn to sand.Ego Brain
40.8%
Recognition, Restoration, Reparation.Pluck
40%
Your remainder is an unjustifiable egotistical power struggle.ADD
39.9%
Books all say different things while people flap their yellow wings.Know
39.7%
Free thinkers are dangerous...Mind
37.8%
I want to be, a fallen ruby.Cubert
37.5%
Parachute your chocolate soul.Pictures
35%
Arise as did the gods Ninti.Darts
33.3%
My pupils dance, lost in a trance.Innervision
29.3%
Levers erect, note of his rhyme.Nuguns
28.6%
Weeping in perplexity's arms.Thetawaves
27%

You're not logged in!

Compare scores with friends on all Sporcle quizzes.
OR
Log In

You Might Also Like...

Show Comments

Extras

Created Mar 9, 2012ReportNominate
Tags:Song Quiz, down, Down Songs, system

Top Quizzes Today


Score Distribution

Your Account Isn't Verified!

In order to create a playlist on Sporcle, you need to verify the email address you used during registration. Go to your Sporcle Settings to finish the process.

Report this User

Report this user for behavior that violates our Community Guidelines.

Details: